000 00841nam a2200253 a 4500
001 BRCA_1765
005 20190320203536.0
008 941020s1994 mx-a---##b---#001-0#spa-#
020 _a9686084738
040 _aDLC
_cDLC
050 4 _aF1231
_b.O79 1994
100 1 _aOrtiz Lajous, Jaime
_93911
245 1 0 _aCiudades coloniales mexicanas
_cJaime Ortiz Lajous.
260 _aMéxico
_bAzabache : Secretaría de Turismo
_c1994
300 _a190 p.
_bil. a color
_c31 cm.
500 _aIncluye índice de ciudades
500 _aColección Sonia Corcuera de Mancera
504 _aBibliografía : p. 187
650 1 4 _aCiudades coloniales
_xHistoria
_zMéxico
_95500
650 1 4 _aCiudades coloniales
_xTrabajos Ilustrados
_zMéxico
_95501
651 4 _aMéxico
_xHistoria
_yColonia española, 1540-1810
_9394
902 _aDSC
942 _2lcc
_cB
999 _c1548
_d1548